00337 a2200109 4500001001000000005001700010008004100027245004500068100002400113773007300137999001700210ART_1744720260410161923.0260409a 10aQuasi-walrasian theories of unemployment1 aCalvo, Guillermo A.0 tThe American Economic Reviewg- Vol. 69, NÂș 2 (mayo 1979)wREV16190 c27870d27870